000
00330 a2200157 4500
001
190839
020
_a
85-86008-11-7
040
_c
Magnum
100
_a
Orthof, Sylvia
240
1
0
_a
História engatada
_l
por
245
1
0
_a
História engatada
300
_a
14
362
0
_a
1997
697
_a
LITERATURA INFANTIL
942
_c
BK
999
_c
190839
_d
190839